AFL Sydney Swans Player Numbers - Statistics

General Stats
  • This quiz has been taken 27 times
  • The average score is 23 of 44
Answer Stats
Hint Answer % Correct
Chad Warner 1
88%
Isaac Heeney 5
88%
Hayden McLean 2
82%
Justin McInerney 27
82%
Brodie Grundy 4
82%
Malcolm Rosas 10
76%
Tom Papley 11
76%
Charlie Curnow 35
76%
Jake Lloyd 44
76%
Harry Cunningham 7
76%
Errol Gulden 21
71%
Nick Blakey 22
71%
Corey Warner 37
71%
Logan McDonald 6
71%
James Rowbottom 8
71%
James Jordan 17
65%
Riley Bice 26
65%
Tom McCartin 30
65%
Matt Roberts 34
65%
Angus Sheldrick 12
59%
Jai Serong 13
59%
Callum Mills 14
59%
Braeden Campbell 16
59%
Taylor Adams 3
59%
Lewis Melican 43
59%
Sam Wicks 15
53%
Peter Ladhams 19
53%
Dane Rampe 24
53%
Caiden Cleary 33
53%
William Green 45
47%
Joel Amartey 36
41%
Ned Bowman 23
35%
Jesse Dattoli 9
35%
Riak Andrew 20
29%
Billy Cootee 25
29%
Joel Hamling 29
29%
Tom Hanily 40
29%
Jevan Philliipou 18
18%
Patrick Snell 41
18%
William Edwards 28
12%
Harry Kyle 32
12%
Noah Chamberlain 42
12%
Max King 31
6%
Liam Hetherton 39
0%
No matching quizzes found
Score Distribution
Percent of People with Each Score
Percentile by Number Answered
Your Score History
You have not taken this quiz